Logo Biblioteca

La Argentina aborigen : (Registro nro. 76)

Detalles MARC
000 -LEADER
fixed length control field 02201nam a22002057a 4500
003 - CONTROL NUMBER IDENTIFIER
control field OSt
005 - DATE AND TIME OF LATEST TRANSACTION
control field 20240627104016.0
008 - FIXED-LENGTH DATA ELEMENTS--GENERAL INFORMATION
fixed length control field 230914s2021 ag ||||| |||| 00| 0 spa d
020 ## - INTERNATIONAL STANDARD BOOK NUMBER
International Standard Book Number 9789876290272
040 ## - CATALOGING SOURCE
Language of cataloging spa
Transcribing agency besoc
100 1# - MAIN ENTRY--PERSONAL NAME
Personal name Mandrini, Raúl
Relator term autor
245 13 - TITLE STATEMENT
Title La Argentina aborigen :
Remainder of title de los primeros pobladores a 1910 /
Statement of responsibility, etc. Raúl Mandrini
250 ## - EDITION STATEMENT
Edition statement 2a ed.
260 ## - PUBLICATION, DISTRIBUTION, ETC.
Place of publication, distribution, etc. Buenos Aires :
Name of publisher, distributor, etc. Siglo Veintiuno,
Date of publication, distribution, etc. 2021
300 ## - PHYSICAL DESCRIPTION
Extent 287 p.
490 ## - SERIES STATEMENT
Series statement Biblioteca básica de historia / dirigida por Luis Alberto Romero
520 ## - SUMMARY, ETC.
Summary, etc. Escrita por un historiador que ha aprendido las artes del rastreador (saber mirar, saber interpretar), La Argentina aborigen recupera los indicios de las culturas y los pueblos originarios y nos ofrece una sistematización hasta ahora inexistente sobre el tema. En una síntesis comprensiva, traza la historia de las sociedades del actual territorio argentino desde los primeros pobladores hasta la incorporación al estado nacional de los últimos enclaves indígenas independientes, a comienzos del siglo XX. Constituye así una obra única, que pone el foco en los grandes procesos sociales atravesados por esas poblaciones en el curso del tiempo así como en las relaciones entre los distintos grupos que vivieron en ese espacio y en los territorios vecinos.El acercamiento a esta historia, advierte Raúl Mandrini, obliga a descartar algunas erróneas pero muy difundidas sobre estas comunidades, especialmente aquellas que las muestran como sociedades recientes, simples y primitivas, estáticas y "sin historia". Por el contrario, confirma la antigüedad de su presencia en el territorio,su gran diversidad y heterogeneidad, la complejidad de su vida económica, social, sus elaboradas expresiones artísticas destrezas para adaptarse a un medio a veces hostil, las profundas transformaciones que sufrieron. En definitiva, el dinamismo de su vida histórica.<br/>Imprescindible para todos los interesados en conocer quienes eran y como Vivian los habitantes de estas regiones, este libro contribuye a develar un pasado de ondas raíces y relevancia actual.
650 #4 - SUBJECT ADDED ENTRY--TOPICAL TERM
Topical term or geographic name entry element Historia
Geographic subdivision Argentina
General subdivision Pueblos originarios
-- Colonización
942 ## - ADDED ENTRY ELEMENTS (KOHA)
Source of classification or shelving scheme Universal Decimal Classification
Koha item type Libro de préstamo a domicilio
Suppress in OPAC No
Existencias
Withdrawn status Lost status Source of classification or shelving scheme Damaged status Not for loan Collection Home library Current library Date acquired Total checkouts Full call number Barcode Date last seen Price effective from Koha item type
    Universal Decimal Classification     Colección General Biblioteca Escuela de Ciencias Sociales Biblioteca Escuela de Ciencias Sociales 14/09/2023   94(82) M273 000811 14/09/2023 14/09/2023 Libro de préstamo a domicilio
Biblioteca de la Escuela Preuniversitaria en Ciencias Sociales y Humanísticas.
Riobamba 250 bis.
CP 2000 - Rosario - Santa Fe
E-Mail: biblioteca@esociales.unr.edu.ar